Famous Monarchs by Country - Statistics

General Stats
  • This quiz has been taken 97 times
  • The average score is 11 of 15
Answer Stats
Monarch Reign Country % Correct
Louis XIV 1643-1715 France
97%
Elizabeth II 1952- United Kingdom / Commonwealth
97%
Vladimir the Great 980-1015 Rus'
93%
Peter the Great 1682-1725 Russia
92%
Wilhelm II 1888-1918 Germany
91%
Victoria 1837-1901 United Kingdom
91%
Ivan the Terrible 1533-1584 Russia
89%
Showa (Hirohito) 1926-1989 Japan
88%
Franz Joseph I 1848-1918 Austria
81%
Philip V 1700-1746 Spain
81%
Osman I 1299-1324 Ottoman Empire
73%
Wilhelmina 1890-1948 Netherlands
58%
Anna 1730-1740 Russia
41%
Bela IV 1235-1270 Hungary
38%
Charles IV 1347-1378 Holy Roman Empire
36%
No matching quizzes found
Score Distribution
Percent of People with Each Score
Percentile by Number Answered
Your Score History
You have not taken this quiz